000 00733nam a2200241 u 4500
005 20220901063818.0
008 080520s2007 r 000 0 eng d
020 _a9788467510898
035 _aUPN01000156019
049 _aI
050 4 _aPZ74.9
_bN6.5 2007
100 1 _aNöstlinger, Christine,
_d1936-
_931818
245 1 0 _aMini entra en acción /
_cChristine Nöstlinger ; tr. Carmen Bass.
250 _a2a ed.
260 _aMadrid :
_bSM,
_c2007.
300 _a63 p. :
_bil. col.
440 3 _aEl barco de vapor.
_pMini ;
_v12
500 _a"A partir de 7"
534 _pTraducción de:
_tMini greift ein
650 4 _aCUENTOS INFANTILES AUSTRIACOS
_912943
650 7 _aAmistad entre niños
_2
_94319
905 _aInfantil
999 _c128133
_d128133